00626nam a22002057a 4500010001300000020002600013035001300039037002500052100002200077245005300099250000800152260005500160270006000215300003000275500003300305700002000338700001900358700002400377700001900401 aB-745500 a9878131717431c749.00 aB-745500 bPerson Education,Inc aCoughlan, Anne T. aMarketing Channels/cAnne T. Coughlan...[et al.] a7th aNew DelhibDorling Kindersley(INDIA) Pvt Ltdc2011 a11 Community Center, Panchsheel ParkbNew Delhie110017 axx, 541p.billc24cm(pbk) aCompany Index, Subject Index aAndreson, Erin  aW.Stern,Louis  aEl-Ansary, Adel I.  aNatarajn, R.C.